| 000 | 00554nam a22001937a 4500 | ||
|---|---|---|---|
| 003 | NUST | ||
| 005 | 20230126141133.0 | ||
| 008 | 190710b ||||| |||| 00| 0 eng d | ||
| 020 | _qHardcover. | ||
| 038 | _aMr. Zahoor | ||
| 082 | _a510 | ||
| 100 |
_aAli, Muhammad Usman _916933 |
||
| 245 |
_aSame Advancements in Metric Fixed point Theory _cMuhammad Usman Ali |
||
| 260 |
_aIslamabad : _bSNS - NUST, _c2016. |
||
| 300 |
_a97 p. ; _c30cm. |
||
| 650 |
_aMathematics - M. Phil Thesis _916594 |
||
| 700 |
_aDr. Quanita Kiran _916522 |
||
| 942 |
_2ddc _cTHE |
||
| 999 |
_c526247 _d526247 |
||